|
|
|
|
| LEADER |
01981nam a2200421 a 4500 |
| 001 |
000000479 |
| 005 |
20150121154213.0 |
| 008 |
020710s1752 xo e lat |
| FMT |
|
|
|
| 040 |
|
|
|a SVKKK
|b slo
|c SVKKK
|e AACR2
|
| 041 |
0 |
|
|a lat
|
| 044 |
|
|
|a xo
|c SK
|
| 080 |
|
|
|a 82-84
|
| 100 |
1 |
|
|a Gartner, Theodosius,
|d 1723-1768
|4 aut
|
| 245 |
1 |
0 |
|a Proverbia E Regum Sapientissimi :
|b Effatis Selecta, Quibus diligenter perlectis, & observatis, tam semetipsum quilibet Sapiens, quam alios tutissime gubernabit.
|
| 260 |
|
|
|a Tyrnaviae :
|b Typis Academicis Soc. Jesu,
|c Anno MDCCLII [=1752]
|
| 300 |
|
|
|a 63 s. A/8-D/8 [=32] list.
|c 8°. 16x10 cm
|
| 500 |
|
|
|a Autor podľa Pumprlu.
|
| 500 |
|
|
|a Vineta ornam-fig., vinety ornam., vlys ornam.-fig., inic. s ornam. pozadím v rámčeku na 3 r., inic. s architekton. pozadím v rámčeku na 3 r., verz. vo voľ. priestore na 2 r., kustódy.
|
| 508 |
|
|
|a Na zl. A/2 nesignov. úvod.
|
| 510 |
4 |
|
|a Petrik III/152 [pod Proverbia]; Hanakovič II/1009; Pumprla 121/200; Zelliger 114/20; MZK; OSZK; SNK; VKOL.
|
| 561 |
|
|
|a Peč.: Štátna vedecká knižnica v Košiciach; Kassa Sz. Kir. Város Közkönyvtára A Felsőmagyarországi Muzeum Könyvtárából 12180 sorszám. Slepotlačová reliéfna peč.: Josef Mágócsy Kaschau. Rkp.: Ex Libris Francisci Paull 807.
|
| 563 |
|
|
|a Lepenka, červený papier so stopami po zlát. ornam.-link. slepotlači a jezuitským znakom, chrbát hnedá koža s ornam.-link. slepotlačou, zlát. oriezka.
|
| 653 |
1 |
|
|a literatúra
|
| 653 |
1 |
|
|a porekadlá
|
| 653 |
1 |
|
|a príslovia
|
| 653 |
1 |
|
|a žánre
|
| 700 |
1 |
|
|a Magócsy, Jozef
|d 1843-1911
|4 sgn
|
| 700 |
1 |
|
|a Paull, Franciscus
|4 sgn
|
| 710 |
0 |
|
|a Akademická tlačiareň
|c Trnava
|d 1648-1773
|4 prt
|
| 710 |
0 |
|
|a knižnice - Verejná knižnica
|c Košice
|4 sgn
|
| 752 |
|
|
|a Slovensko
|d Trnava
|
| 852 |
|
|
|p GR 1953
|
| 904 |
|
|
|a cf--y----ja------yyyb-1001--
|
| 905 |
|
|
|a bfga0cb-
|5 -------
|
| 910 |
|
|
|a svkkk
|
| 998 |
|
|
|a TRNTL
|
| BAS |
|
|
|